Pojęcia #1 FILOZOFIA - Statystyki

Ogólne statystyki
  • Ten quiz został rozwiązany 318 razy
    317 od ostatniego zresetowania
  • Średni wynik to 8 z 32
Statystyki odpowiedzi
Hint Odpowiedź % Poprawnych
Teoria głosząca, że jedynym źródłem poznania jest wiedza związana z doświadczeniem Empiryzm
66%
Zespół poglądów, w których dominującą rolę przypisuje się rozumowi lub informacjom uzyskanym drogą rozumowego poznania. Racjonalizm
64%
Doktryna, która jako nadrzędny cel człowieka stawia dążenie do przyjemności, w której odnajdzie on szczęście. Hedonizm
57%
Typ umysłowości, który na pierwszym miejscu stawia akcentowanie roli człowieka na świecie i świecką stronę jego poczynań. Humanizm
41%
Wiara w nadejście zbawiciela/przypisywanie jednostce roli zbawiciela/charakterystyczny nurt w polskim romantyzmie Mesjanizm
39%
"Szczęście jest największym dobrem ludzkiego życia, a cel egzystencji sprowadza się do wyjaśnienia, na czym owo szczęście polega i jak je uzyskać" Epikureizm
38%
Dziedzina filozofii, zajmująca się problemami sztuki, piękna. Estetyka
38%
Stanowisko, uznające w danej dziedzinie wyższość jednostki nad zbiorowością. Indywidualizm
35%
Teoria, mówiąca że to materia była dominantem w tworzeniu świata i sposobie w jaki trwa. Materializm
35%
W najszerszym ujęciu jest nauką badającą sądy, do których można zastosować kryterium prawda/fałsz Logika
33%
Refleksja, zmierzająca do określenia i uzasadnienia norm postępowania i właściwych dla nich zasad. Etyka
30%
W średniowieczu termin ten odnosił się do działu filozofii, wykraczającej poza rzeczywistość empiryczną, aby poznać Boga. Metafizyka
27%
Doktryna, głosząca że przebieg zdarzeń jest wyznaczony relacjami przyczynowo-skutkowymi. Determinizm
26%
Pogląd, wedle którego świat dostępny ludzkim zmysłom nie jest całością rzeczywistości. Istnieją bowiem byty niematerialne, które są wieczne i niezmienne. Idealizm
25%
Dziedzina filozofii, której zainteresowanie obraca się wokół indywidualnego istnienia ludzkiego. Egzystencjalizm
23%
Stanowisko, które głosi, że istnieją wyłącznie przedmioty, rzeczy, zjawiske należące do przyrody. Naturalizm
21%
W znaczeniu ogólnym zajmowanie się zjawiskami. Fenomenologia
20%
Najwyższa forma organizacji społeczeństwa. Państwo
20%
Kierunek, wedle którego sama rzeczywistość ma charakter względny, podlegający zmianom w zależności od punktu widzenia lub odniesienia. Relatywizm
20%
Kierunek, który za kryterium prawdy przyjmuje użyteczność, skuteczność albo praktyczność. Pragmatyzm
18%
Sztuka dyskutowania; w najbardziej ogólnym sensie jest metodą dochodzenia do prawdy. Dialektyka
17%
Stanowisko, głoszące o niemożliwości wiarygodnego poznania oraz nierozstrzygalności kwestii pewności i wiarygodności dojścia do tego poznania. Sceptycyzm
16%
Stanowisko, według którego istnieje nadnaturalna rzeczywistość, która można poznać na drodze pozarozumowej i pozazmysłowej intuicji. Mistycyzm
14%
Stanowisko, charakteryzujące się bezkrytycznym przekonaniem o bezbłędności określonych prawd. Dogmatyzm
13%
Założeniem tego nurtu filozoficznego jest wyjaśnienie struktury świadomości i ukształtowanie człowieka wskutek dotarcia do podświadomych mechanizmów, determinującyh jego czyny. Psychoanaliza
11%
Kierunek, gdzie wszystkie prawa i teorie oparte są na umowie, konwencji która ułatwia opis świata, myślenie o nim czy porozumiewanie się w tym względzie naukowców. Konwencjonalizm
7%
Termin, mówiący, że religia ma ukryte sensy i treści, które są możliwe do odczytania tylko dla wtajemniczonych. Gnoza
6%
Znamienne dla tego poglądu jest przyjmowanie sądów wydawanych niezależnie od otoczenia, opartych na dedukcji. Rozum uznawany jest za podstawowe kryterium rzetelnej wiedzy. Aprioryzm
5%
Rozumowanie, teza lub wywód, pozostające w sprzeczności z prawdopodobieństwem, lub powszechnie przyjętymi opiniami. Paradoks
5%
Forma zmienności bytów fizycznych i psychicznych, która sprzężona jest z ruchem i trwaniem w świecie. Czas
4%
Ogół zjawisk świadomości jednostkowego podmiotu, byt który jest podmiotem doświadczenia. Jaźń
2%
Coś trwale istniejącego pod powłoką zmienności zewnętrznych; jest jednym z podstawowych zagadnień metafizyki. Substancja
2%
Nie znaleziono quizów pasujących do podanych kryteriów
Rozkład punktacji
Procent ludzi z każdym wynikiem
Percentyl według liczby udzielonych odpowiedzi
Twoja historia wyników
Nie rozwiązałeś tego quizu od ostatniego zresetowania